000 00613nam a2200217 a 4500
001 BRCA_6423
005 20190320205440.0
008 210911s1850----gw-#######---#000-0#ger-#
041 _ager
044 _agw
050 4 _aPQ2228
_b.M47 1850
100 1 _aDumas, Alejandro
_d1802-1870
_qDumas, Alexandre
_914449
245 1 0 _aDie drei Musketiere
_cAlexandre Dumas; deutsch von H. Meerholz.
260 _aLeipzig
_bPhilipp Reclam
_c[1850]
300 _a2 tomos en 1 volúmen
_c14 cm.
500 _aL6
650 1 4 _aLiteratura francesa
_916046
700 1 _aMeerholz, H.
_916047
902 _aGFM
942 _2lcc
_cB
999 _c6107
_d6107